| 000 | 00675nam a2200253Ia 4500 | ||
|---|---|---|---|
| 003 | OSt | ||
| 005 | 20220918164508.0 | ||
| 006 | a|||||r|||| 00| 0 | ||
| 007 | ta | ||
| 008 | 220917b |||||||| |||| 00| 0 eng d | ||
| 020 | _a063120654X (pbk) | ||
| 024 | _a157,822 | ||
| 037 | _cTextual | ||
| 040 |
_aARTS _cARTS _beng |
||
| 041 |
_2eng _aeng |
||
| 082 | _aNW, P0 (SC) | ||
| 100 |
_aStam Robert _919172 |
||
| 245 | 0 |
_aFilm theory _b an introduction |
|
| 260 |
_aOxford _bBlackwell Publishers _c2000 |
||
| 300 |
_ax, 381p. _ccm. |
||
| 650 |
_aMOTION PICTURES; ARTS _94029 |
||
| 942 |
_hNW, P0 (SC) _cTEXL _2CC |
||
| 999 |
_c125024 _d125024 |
||